| 000 | 01550nam a2200433 i 4500 | ||
|---|---|---|---|
| 001 | 38257 | ||
| 003 | KOSZ 005 | ||
| 005 | 20210730113211.0 | ||
| 008 | 000510s2000 pl a |001 0 pol | ||
| 015 | _aPB 1995/12432 | ||
| 020 | _a8321337686 | ||
| 020 | _a3531586516 | ||
| 040 |
_aWA N _cWA N _dKOSZ 005/HR |
||
| 041 | 1 |
_apol _hger |
|
| 046 | _k1992 | ||
| 080 | _a72.02 | ||
| 080 | _a(075.8) | ||
| 100 | 1 |
_aNeufert, Ernst _d(1900-1986) _eAutor |
|
| 245 | 1 | 0 |
_aPodręcznik projektowania architektoniczno-budowlanego / _cErnst Neufert ; kontynuacja Peter Neufert i Zespół ... ; tł. z niem. Stanisław Gawroński [et al.]. |
| 246 | 1 |
_iTyt. oryg.: _aBauentwurfslehre, _f1992. |
|
| 250 | _a2 wyd. pol. rozszerz. i gruntownie zm., (dodr.) | ||
| 260 |
_aWarszawa : _b"Arkady", _c2000. |
||
| 300 |
_a592 s. : _brys., wykr. ; _c30 cm. |
||
| 380 | _aKsiążki | ||
| 380 | _aPublikacje fachowe | ||
| 388 | _a1901-2000 | ||
| 504 | _aBibliogr. s. 559-566. - Indeks. | ||
| 650 | 4 | _aProjektowanie architektoniczne | |
| 650 | 4 | _aBudownictwo | |
| 655 | 4 | _aPodręczniki akademickie | |
| 655 | 4 | _aProjekt architektoniczny | |
| 655 | 4 | _aProjekt budowlany | |
| 658 | _aArchitektura i budownictwo | ||
| 700 | 1 |
_aNeufert, Peter _eAutor |
|
| 700 | 1 |
_aGawroński, Stanisław _d(ca 1930-2014) _eTłumaczenie |
|
| 710 | 2 |
_aWydawnictwo Arkady _4pbl. |
|
| 856 |
_uhttp://koha.tu.koszalin.pl/cgi-bin/koha/opac-detail.pl?biblionumber=38257 _yKatalog online BPK |
||
| 942 |
_2UKD _cKS |
||
| 999 |
_c38257 _d38257 |
||